000 00606cam a22002053a 4500
001 38254
003 PGUSA
005 20140828083838.0
008 111209s2011||||xxu|||||s|||||000 | eng d
040 _aPGUSA
_beng
042 _adc
100 1 _aChapman, Allen
245 1 0 _aBart Keene's Hunting Days ;
_bor, The Darewell Chums in a Winter Camp
_h[electronic resource] /
_cAllen Chapman
260 _bProject Gutenberg,
_c2011
506 _aPublic domain in the USA.
516 _aElectronic text
830 0 _aProject Gutenberg
_v38254
856 4 0 _uhttp://www.gutenberg.org/ebooks/38254
942 _cEB
999 _c267508
_d267508